000 00759cam a2200289 4500
001 414436
003 DO-SdBPM
005 20241204113506.0
007 414436
008 090123s2008 sp a | 000 m spa
015 _a
017 _a
_b
020 _a9788481905434
035 _a
040 _aDO-SdBPM
_bspa
_cBPMSU
_e
080 _a
080 _a
082 4 _bC263m 2008
_222
100 1 _aCarbajal Abal, José Ángel
_q("Jean Carballo")
245 1 0 _aMundos de mi niñez /
_h
_cJosé Ángel Carbajal Abal "Jean Carballo"
250 _a
260 _aVigo, España ;
_bCardeñoso,
_c2008
300 _a171 p. :
_bil.
_c23 cm
942 _2ddc
_cBK
945 _aInventariado, 2018/ YL
956 _a VMATEO
_210
_320160506
_6BPMSU
_80069
999 _c10011
_d10011